000 00867nam a2200229 i 4500
001 152261
003 ES-MaACL
005 20250729062629.0
008 991102s1879 fr |||| | fre d
040 _aCAM
_bspa
_cCAM
100 1 _aBluntschli, Johann Kaspar (
_d1808-1881)
_9126025
245 1 3 _aLa politique /
_cpar Bluntschli ; traduit de l'allemand et précédée d'une préface par Armand de Riedmatten.
260 _aParis :
_bLibrairie Guillaumin et C.,
_c1879 (
_fImp. Ch. Lambert)
300 _aXXVIII, 412 p. ;
_c22 cm.
490 1 _aPublicistes & économistes contemporains
650 7 _aPolítica
_2embne
_9140345
700 1 _aRiedmatten, Armand de.
_9131810
830 0 _aPublicistes & économistes contemporains
_9221306
852 _aES-MaACL
_jB-2327
_z-- Enc. hol.
852 _aES-MaACL
_jD-4551
_z-- Enc. hol.
999 _c152261
_d152261